000 002360000a22000970004500
100 1 _aStanhope, Jon
245 1 0 _aArtistic integrity : Good shopping this christmas
300 _a(2004), Páginas 24-26
773 0 _tTeartimes
942 _cANA
999 _c56081
_d56081